Cooke : el heredero maldito de perón, la biografía /

Guardado en:
Autor Principal: Lindner, Franco
Formato: Libro
Publicado: Buenos Aires : Sudamericana, 2006
Materias:
Etiquetas: Agregar Etiqueta
Sin Etiquetas, Sea el primero en etiquetar este registro!
LEADER 00544nam a22001815a 4500
001 CEM.cems012229
005 20060904163935.0
008 130507s2006##################000#0#####d
003 CEMS
020 |a 9500727455 
082 0 4 |a 923 
100 1 |a Lindner, Franco 
245 1 0 |a Cooke :  |b el heredero maldito de perón, la biografía /  |c Franco Lindner 
260 |a Buenos Aires :  |b Sudamericana,  |c 2006 
300 |a 331 p. 
653 |a Biografías 
653 |a Cooke, john william-biografía 
859 |a CEMS  |b BIB. CEMS - 11 de abril  |h 923  |i C635li  |p 23458.06  |t Ej.1